000 00717nam a2200181 i 4500
001 35314
003 ES-MaACL
005 20230906155114.0
007 t|
008 030212s1948 sp ||||1| spa d
100 1 _aBotvinnik, Mihail.
_930810
245 1 0 _aBotvinnik, Campeón del Mundo de ajedrez
_b: todas las partidas del campeonato jugado en La Haya y Moscú en 1948 : recopilación de comentarios de los grandes maestros /
_cMihail Botvinnik ; revisión técnica de Julio Ganzo.
260 _aMadrid :
_bRicardo Aguilera,
_c1948 (
_eToledo :
_fRafael Gómez-Menor)
300 _a94 p. :
_bil. ;
_c16 cm.
650 0 4 _aAjedrez.
_99707
700 1 _aGanzo, Julio.
_953894
852 _aES-MaACL
_j1487-F-5
_bR.26428
999 _c35314
_d35314